00692 a2200205 4500003000400000005001700004008004100021020001800062040000900080082002200089100003200111245013100143264003400274300003100308650004100339650002400380650002800404700002700432700002700459OSt20230906111954.0230302s2017 m a|||| |||| 001 0 sp d a9788484766964 cCHAP00222a635.9642bP351 aPeñapareja Soto, Diego J.10aCésped deportivo:bmanual practico del cuidador /cDiego J. Peñapareja Soto, Domingo Merino Merino y Javier Ansorena Miner 1aMadrid:bMundi prensa,c2017. a121 páginas:bfiguragas. 0aCéspedes x Enfermedades y plagas  0aManejo del césped 0aMantenimiento de cesped1 aMerino Merino, Domingo1 aAnsorena Miner, Javier